000 00426nam a2200157 i 4500
001 147716
003 ES-MaACL
005 20230906202225.0
007 t|
008 071005s1971 sp ||||1| spa d
100 1 _aUseros, Manuel.
_9112300
245 1 0 _aCristianos en la vida polĂ­tica /
_cManuel Useros.
260 _aSalamanca :
_bSigueme,
_c1971.
300 _a223 p. ;
_c20 cm.
852 _aES-MaACL
_jC-41978
_bR.78433
999 _c147716
_d147716